01595nam a22001697a 4500008004100000020001800041040004100059041000800100082002300108245006800131260012300199300002900322504002900351505089000380999001701270952013801287250620t ||| |||| |||| 00| 0 spa d a9789587103519 aCO-JMCRbspa cCO-JMCRdCO-JMCRerda0 aspa04a343.097 bL41 22100aLiber amicorum en homenaje al profesor Ernesto Vásquez Rocha. aBogotá : bUniversidad Externado de Colombia : bAsociaciación Latinoamericana de Transporte Aéreo-Alta, c2008. a426 páginas ; c24 cm. aIncluye bibliografías.0 aConsideraciones sobre algunos delitos relacionados con la navegación aérea militar castigados por el código penal militar español. Las alianzas estratégicas entre líneas aéreas: origen, elementos y aspectos contractuales. Transporte aéreo de pasajeros, retraso, responsabilidad y daños. La tercera generación del derecho espacial: el transporte espacial aéreo. El futuro Instituto de Aeronáutica civil del Perú. Homenaje a Ernesto Vásquez Rocha. Aplicación de las normas de competencia en el sector aéreo, el caso de Colombia. Política aeronáutica. El derecho de la competencia en el mercado de transporte aéreo. Hacía un acuerdo universal de cielos abiertos? El contrato de concesión y la infraestructura aeronáutica en Colombia. El convenio de cielos abiertos entre los Estados Unidos y la Unión Europea desde la visión latinoamericana c31022d17406 00102ddc40708NFICaCPLbCPLcCARTd2024-11-25eDonaciónl0o343.097 L41 p201812689r2025-06-20 12:26:21tEj.1w2025-06-20yBK